Lumière sur Vannes - Statistiques

Statistiques générales
  • Ce quiz a été pris 42 fois
  • Le résultat moyen est 3 sur 10
Statistiques - réponses
Hint Réponse % Correct
Dans quelle région française se situe Vannes ? Bretagne
100%
Quel événement sportif majeur a fait étape à Vannes en 2015 ? Tour de France
70%
Quel peuple gaulois avait Vannes pour capitale avant la conquête romaine ? Venetes
44%
Quelle cathédrale gothique se trouve à Vannes ? Cathedrale Saint Pierre
15%
Quel port est situé à Vannes et sert de point de départ pour des excursions dans le golfe du Morbihan ? Port de Vannes
15%
Quelle rivière traverse la ville de Vannes ? Marle
11%
En quelle année la ville de Vannes a-t-elle été fortifiée par Jean IV de Rieux ? 1403
0%
Quel roi de France tint les États de Bretagne à Vannes en 1532, officialisant le rattachement du duché au royaume ? François Ier
0%
Quel golfe célèbre borde la ville de Vannes ? Gofle du Morbihan
0%
Quel site gallo-romain majeur se trouve à proximité de Vannes, témoignage de l’époque antique ? Site de Saint Gildas
0%
Aucun quiz correspondant
Distribution des résultats
% des personnes avec chaque résultat
Percentile par nombre de réponses
Votre historique - résultats
Vous n’avez pas pris ce quiz